[Event "Deltalift Open"]
[Site "Tylosand"]
[Date "2016.05.05"]
[Round "2.7"]
[White "Arvidsson, Tomas"]
[Black "Holm, Kristian Stuvik"]
[Result "0-1"]
[WhiteElo "2029"]
[BlackElo "2418"]

1.e4 c5 2.Nc3 a6 3.g3 b5 4.Bg2 Bb7 5.d3 e6 6.f4 Be7 7.Nf3 d5 8.e5 h5 9.a4 
b4 10.Ne2 h4 11.h3 hxg3 12.f5 exf5 13.e6 f6 14.Nxg3 g6 15.Kf2 Qd6 16.Re1 
Nc6 17.h4 Nh6 18.Bxh6 Rxh6 19.h5 f4 20.Ne2 Rxh5 21.Rh1 Rxh1 22.Qxh1 O-O-O 
23.Qh7 Ne5 24.Nh2 g5 25.d4 cxd4 26.Nxd4 Qc5 27.c3 g4 28.Kf1 f3 29.Bh1 a5 
30.Nb5 g3 31.Nxf3 Qf2# 0-1

[Event "Deltalift Open"]
[Site "Tylosand"]
[Date "2016.05.05"]
[Round "2.8"]
[White "Lindgren, Philip"]
[Black "Nilsson, Patrik 1968"]
[Result "1-0"]
[WhiteElo "2406"]
[BlackElo "2015"]

1.d4 Nf6 2.c4 g6 3.Nf3 Bg7 4.Nc3 O-O 5.Bg5 d6 6.e3 c6 7.Be2 Qa5 8.O-O Bg4 
9.Bh4 Nbd7 10.h3 Bxf3 11.Bxf3 Qb4 12.Qb3 a5 13.Rfd1 Rfe8 14.Be2 Qxb3 15.
axb3 e5 16.d5 Nc5 17.dxc6 bxc6 18.Rxd6 Nxb3 19.Ra3 Bf8 20.Rxf6 Bxa3 21.
bxa3 Rab8 22.Rxc6 Nc1 23.Bf3 Rb3 24.Nb5 Nd3 25.Bd5 e4 26.Rc7 Ne5 27.Bf6 
Rb1+ 28.Kh2 Rf1 29.Nd6 1-0

[Event "Deltalift Open"]
[Site "Tylosand"]
[Date "2016.05.05"]
[Round "2.9"]
[White "Hakansson, Stefan"]
[Black "Kockum, Anton Frisk"]
[Result "1/2-1/2"]
[WhiteElo "1997"]
[BlackElo "2382"]

1.d4 Nf6 2.Bg5 e6 3.e4 h6 4.Bxf6 Qxf6 5.e5 Qe7 6.a3 d6 7.f4 dxe5 8.dxe5 g5
9.Nf3 Nc6 10.Nc3 Bg7 11.Qd2 Bd7 12.O-O-O O-O-O 13.g3 g4 14.Ne1 Nxe5 15.Qe3
Nc6 16.Bg2 Kb8 17.Ne4 Bc8 18.Nd3 f5 19.Nd2 Bd4 20.Qe2 Qe8 21.Nb3 Bf6 22.c3
b6 23.Bxc6 Qxc6 24.Ne5 Qb7 25.Nd4 Bxe5 26.Qxe5 Rhe8 27.Rhe1 Ka8 28.Nb5 
Rxd1+ 29.Rxd1 Kb8 30.Nd4 a6 31.Qg7 Ka7 32.Qf7 Rh8 33.Qg7 Re8 34.Qf7 Rh8 
35.Qg7 Re8 1/2-1/2

[Event "Deltalift Open"]
[Site "Tylosand"]
[Date "2016.05.05"]
[Round "2.10"]
[White "Aaberg, Anton"]
[Black "Frisk, Hans"]
[Result "1/2-1/2"]
[WhiteElo "2365"]
[BlackElo "2003"]

1.e4 e5 2.Nf3 Nc6 3.d4 exd4 4.Nxd4 Nf6 5.Nxc6 bxc6 6.Bd3 d5 7.exd5 cxd5 8.
O-O Be7 9.Bg5 O-O 10.Nc3 c6 11.h3 a5 12.Re1 Re8 13.Qf3 Ba6 14.Bxa6 Rxa6 
15.Re2 d4 16.Ne4 c5 17.Bxf6 Bxf6 18.Nxc5 Rxe2 19.Qxe2 Rb6 20.Re1 g6 21.
Qe8+ Qxe8 22.Rxe8+ Kg7 23.Nd3 Rc6 24.Re2 h5 25.Kf1 Kf8 26.Ke1 Bg7 27.Kd1 
Bf6 28.a3 Ra6 29.Nc5 Ra7 30.Kd2 Rc7 31.Ne4 d3 32.Kxd3 Bxb2 33.a4 Rd7+ 34.
Ke3 Bd4+ 35.Kf3 f5 36.Nd2 Bb6 37.Nc4 Bc7 38.Rd2 Re7 39.c3 Kf7 40.h4 Re4 
41.Rd4 Rxd4 42.cxd4 Ke6 43.Ke3 Kd5 44.Kd3 f4 45.Nd2 Bd8 46.g3 fxg3 47.fxg3
Bb6 48.Nf3 Bc7 49.Ne5 Bb8 50.Nxg6 Bxg3 51.Kc3 Be1+ 52.Kd3 Bg3 53.Kc3 Be1+ 
54.Kd3 Bg3 1/2-1/2

[Event "Deltalift Open"]
[Site "Tylosand"]
[Date "2016.05.05"]
[Round "2.11"]
[White "Cordoba, Santiago Crueso"]
[Black "Welin, Mats"]
[Result "1-0"]
[WhiteElo "1989"]
[BlackElo "2338"]

1.e4 e5 2.Nf3 Nc6 3.Bb5 a6 4.Ba4 Nf6 5.O-O Be7 6.Re1 b5 7.Bb3 d6 8.c3 O-O 
9.h3 Na5 10.Bc2 c5 11.d4 Nd7 12.d5 Nb6 13.b3 f5 14.Nbd2 Bb7 15.Nf1 g6 16.
Bd2 Bc8 17.c4 Nb7 18.Qe2 Bd7 19.exf5 gxf5 20.Bc3 Bf6 21.Ng3 Bg7 22.Nh5 Bh8
23.Nxe5 dxe5 24.Bxe5 Re8 25.f4 Qh4 26.Qf3 Nd8 27.g3 Qxh3 28.Bxh8 1-0

[Event "Deltalift Open"]
[Site "Tylosand"]
[Date "2016.05.05"]
[Round "2.12"]
[White "Malekian, Babak"]
[Black "Kenani, Dariush"]
[Result "1/2-1/2"]
[WhiteElo "2275"]
[BlackElo "1981"]

1.Nf3 c5 2.e3 g6 3.c4 Bg7 4.Nc3 Nf6 5.Be2 O-O 6.O-O d5 7.d4 cxd4 8.Nxd4 
dxc4 9.Bxc4 a6 10.a4 e5 11.Nf3 Qc7 12.Qb3 Nc6 13.Nd5 Nxd5 14.Bxd5 Bg4 15.
Bd2 Rad8 16.Bc3 Rd7 17.h3 Bxf3 18.Bxf3 Re8 19.Qc4 Nd8 20.Qxc7 Rxc7 21.Rfd1
Ne6 22.Bd5 Nc5 23.Ba5 Rd7 24.Bb6 Bf8 25.e4 Kg7 26.a5 Ne6 27.Rac1 Nf4 28.
Bc4 Ree7 29.Kf1 Ne6 30.Bxe6 Rxd1+ 31.Rxd1 fxe6 32.Rd8 Rf7 33.Ke2 Bb4 34.f3
Kf6 35.Kd3 Be7 36.Rd7 Bb4 37.Bd8+ Kg7 38.Rxf7+ Kxf7 39.Kc4 Bd6 40.Bb6 Ke8 
41.Bc5 Bc7 42.b4 Kd7 43.Be3 Kc6 1/2-1/2

[Event "Deltalift Open"]
[Site "Tylosand"]
[Date "2016.05.05"]
[Round "2.13"]
[White "Nilsson, Anders"]
[Black "Sadiku, Halil"]
[Result "1-0"]
[WhiteElo "2224"]
[BlackElo "1980"]

1.d4 d5 2.Bf4 Nf6 3.e3 c6 4.c4 Bf5 5.Nc3 e6 6.Qb3 Qb6 7.c5 Qxb3 8.axb3 
Nbd7 9.h3 h6 10.b4 Be7 11.b5 g5 12.Bh2 Ne4 13.Nxe4 Bxe4 14.f3 Bg6 15.bxc6 
bxc6 16.Ba6 Bxc5 17.dxc5 Nxc5 18.Be5 Rg8 19.Bd6 Nxa6 20.Rxa6 Bd3 21.Ra3 
Bb5 22.b4 Kd7 23.Bc5 a6 24.Ne2 e5 25.Kd2 f5 26.Nc3 Ke6 27.Nxb5 axb5 28.
Rha1 Rxa3 29.Rxa3 e4 30.Ra6 f4 31.Rxc6+ Kf5 32.Bd4 Rg6 33.Rc5 Rd6 34.Rxb5 
h5 35.Rb6 Rxb6 36.Bxb6 g4 37.hxg4+ hxg4 38.fxe4+ dxe4 39.exf4 Kxf4 40.Bc7+
1-0

[Event "Deltalift Open"]
[Site "Tylosand"]
[Date "2016.05.05"]
[Round "2.14"]
[White "Arnelind, Mikael"]
[Black "Goransson, Martin"]
[Result "1-0"]
[WhiteElo "2194"]
[BlackElo "1977"]

1.Nf3 c5 2.c4 Nc6 3.g3 e5 4.d3 g6 5.Bg2 Bg7 6.Bg5 Nge7 7.Qc1 d6 8.Nc3 h6 
9.Bd2 Be6 10.O-O Qd7 11.a3 Bh3 12.Rb1 Nd4 13.Nxd4 cxd4 14.Na2 Bxg2 15.Kxg2
d5 16.b3 h5 17.h4 O-O 18.Bg5 f6 19.Bh6 Rac8 20.Bxg7 Kxg7 21.Qd2 f5 22.f4 
e4 23.Qb2 dxc4 24.bxc4 b6 25.Rbd1 e3 26.Nb4 Rc5 27.Nc2 Nc6 28.Nxe3 Re8 29.
Nd5 Rxd5 30.cxd5 Qxd5+ 31.Rf3 Kh6 32.Rc1 Re6 33.Kf1 Ne7 34.Qb4 Ng8 35.Qf8+
1-0

[Event "Deltalift Open"]
[Site "Tylosand"]
[Date "2016.05.05"]
[Round "2.15"]
[White "Magelius, Olof"]
[Black "Ivarsson, Torbjorn"]
[Result "0-1"]
[WhiteElo "1969"]
[BlackElo "2185"]

1.e4 e6 2.d4 d5 3.Nd2 Nf6 4.e5 Nfd7 5.Ngf3 c5 6.c3 Nc6 7.Bd3 Be7 8.O-O g5 
9.c4 g4 10.cxd5 exd5 11.e6 gxf3 12.exd7+ Qxd7 13.Nxf3 c4 14.Bc2 Qg4 15.Ne5
Qxd4 16.Nxc6 Qxd1 17.Rxd1 bxc6 18.Ba4 Bd7 19.Be3 Bf6 20.Rd2 Rb8 21.Re1 O-O
22.h3 Rb4 23.Bd1 Re8 24.Ree2 a5 25.b3 c3 26.Rd3 Bf5 27.Bc2 Bxd3 28.Bxd3 
0-1

[Event "Deltalift Open"]
[Site "Tylosand"]
[Date "2016.05.05"]
[Round "2.16"]
[White "Wallin, Dennis"]
[Black "Cedervall, Magnus"]
[Result "1-0"]
[WhiteElo "2184"]
[BlackElo "1965"]

1.Nf3 d5 2.c4 Nf6 3.cxd5 Nxd5 4.e4 Nb6 5.d4 Bg4 6.Be2 e6 7.Nc3 Be7 8.O-O 
O-O 9.Be3 N8d7 10.a4 Nf6 11.a5 Nbd7 12.Qb3 b6 13.e5 Ne8 14.Rfd1 Rb8 15.
axb6 Rxb6 16.Qc2 Qb8 17.Ra2 c5 18.Na4 Bf5 19.Qc1 Rb4 20.Nxc5 Bxc5 21.dxc5 
Nxe5 22.Nxe5 Qxe5 23.Rxa7 Nf6 24.c6 Ng4 25.Bxg4 Rxg4 26.Qc5 Qxb2 27.Qxf8+ 
1-0

[Event "Deltalift Open"]
[Site "Tylosand"]
[Date "2016.05.05"]
[Round "2.17"]
[White "Nilsson, Weine"]
[Black "Reid, Gregor"]
[Result "0-1"]
[WhiteElo "1959"]
[BlackElo "2170"]

1.e4 g6 2.d4 d6 3.Be3 Bg7 4.Nc3 Nc6 5.Qd2 e5 6.Nge2 exd4 7.Nxd4 Nf6 8.f3 
O-O 9.O-O-O d5 10.Nxc6 bxc6 11.exd5 cxd5 12.Nxd5 Nxd5 13.Qxd5 Qf6 14.Qd4 
Qe6 15.Qe4 Qxa2 16.Qxa8 Qxb2+ 17.Kd2 Bc3+ 18.Ke2 Qxc2+ 19.Bd2 Re8+ 20.Kf2 
Bxd2 21.Rxd2 Qxd2+ 22.Kg3 Qe1+ 23.Kf4 Qe5# 0-1

[Event "Deltalift Open"]
[Site "Tylosand"]
[Date "2016.05.05"]
[Round "2.18"]
[White "Karlsson, Jorgen"]
[Black "Szumniak, Jedrzej"]
[Result "0-1"]
[WhiteElo "2170"]
[BlackElo "1945"]

1.e4 c5 2.c3 d5 3.exd5 Qxd5 4.d4 Nf6 5.Nf3 Bg4 6.Be2 Nc6 7.c4 Qd7 8.d5 
Bxf3 9.Bxf3 Nd4 10.Be3 Nxf3+ 11.Qxf3 Rc8 12.Nc3 g6 13.O-O Bg7 14.Rfe1 O-O 
15.Bg5 h6 16.Bh4 g5 17.Bg3 a6 18.a4 Rfe8 19.Rad1 b6 20.Be5 Qg4 21.Qxg4 
Nxg4 22.Bxg7 Kxg7 23.f3 Nf6 24.Kf2 Rcd8 25.Re2 Rd7 26.Rb1 e6 27.dxe6 Rxe6 
28.Rxe6 fxe6 29.Rd1 Rxd1 30.Nxd1 Nd7 31.Ke3 Ne5 32.b3 Nc6 33.Kd3 Nd4 34.
Kc3 Ne2+ 35.Kc2 Nd4+ 36.Kb2 Kf6 37.Nc3 Ke5 38.a5 bxa5 39.Ne4 g4 40.Nxc5 
gxf3 41.gxf3 Nxf3 42.h3 h5 43.Nd7+ Kd6 44.Nf6 h4 45.Kc3 Ng5 46.Kd4 Nxh3 
47.c5+ Kc6 48.Ng4 Ng5 49.Ne5+ Kc7 50.Ke3 h3 0-1

[Event "Deltalift Open"]
[Site "Tylosand"]
[Date "2016.05.05"]
[Round "2.19"]
[White "Andersson, Kjell-Ake"]
[Black "Holst, Conny"]
[Result "0-1"]
[WhiteElo "1946"]
[BlackElo "2160"]

1.c4 Nf6 2.Nc3 g6 3.g3 Bg7 4.Bg2 O-O 5.Nf3 c5 6.O-O Nc6 7.d4 cxd4 8.Nxd4 
Qb6 9.Nb3 d6 10.Bg5 Be6 11.Nd5 Bxd5 12.cxd5 Ne5 13.Rc1 Rfc8 14.Be3 Qa6 15.
a3 Qa4 16.Nd2 Qb5 17.Bd4 Nxd5 18.a4 Rxc1 19.Qxc1 Qc6 20.Qb1 e6 21.b3 Rc8 
22.Qa1 Qc2 23.Nc4 Bf8 24.Nxe5 dxe5 25.Bxe5 Qxe2 26.Bxd5 exd5 27.Qd4 Qe4 
28.Qa1 Rc2 29.Bd4 h5 30.Re1 Qf3 31.Qb1 Rd2 32.Be3 Re2 33.Rxe2 Qxe2 34.Bxa7
h4 35.Bd4 Qf3 36.Qf1 Qxb3 37.a5 Qc4 38.Qd1 h3 39.Bf6 Bc5 40.Qf1 Qxf1+ 41.
Kxf1 Kf8 42.Ke2 Ke8 43.Kf3 Kd7 44.Kg4 Bxf2 45.Kxh3 Ke6 46.Bb2 Be1 0-1

[Event "Deltalift Open"]
[Site "Tylosand"]
[Date "2016.05.05"]
[Round "2.20"]
[White "Lindborg, Patrik"]
[Black "Westerlund, Ola"]
[Result "1-0"]
[WhiteElo "2158"]
[BlackElo "1935"]

1.d4 d6 2.c4 g6 3.Nf3 Bg7 4.g3 e5 5.Bg2 Nc6 6.dxe5 Nxe5 7.Nc3 c6 8.Nxe5 
dxe5 9.O-O Be6 10.Ne4 Qxd1 11.Rxd1 Bf8 12.b3 f6 13.Bb2 Rd8 14.Rxd8+ Kxd8 
15.f4 exf4 16.gxf4 Be7 17.Ng5 fxg5 18.Bxh8 gxf4 19.Bd4 Bf6 20.Rd1 Kc7 21.
c5 Bxd4+ 22.Rxd4 g5 23.h4 h6 24.Rd6 Bf5 25.b4 gxh4 26.Kh2 h5 27.Bh3 Ne7 
28.Rf6 Bxh3 29.Kxh3 Nd5 30.Rf7+ Kc8 31.a3 Nc3 32.Re7 Nb5 33.Kxh4 Nxa3 34.
Kxh5 Nc2 35.Re4 a5 36.bxa5 1-0

[Event "Deltalift Open"]
[Site "Tylosand"]
[Date "2016.05.05"]
[Round "2.21"]
[White "Haugland, Rasmus Longva"]
[Black "Nilsson, Patrik 1978"]
[Result "0-1"]
[WhiteElo "1936"]
[BlackElo "2155"]

1.d4 f5 2.Nc3 d5 3.f3 Nf6 4.Bg5 Nc6 5.Qd2 e6 6.a3 Be7 7.O-O-O a6 8.Nh3 O-O
9.Nf2 b5 10.Na2 Rb8 11.Nb4 Nxb4 12.axb4 a5 13.bxa5 b4 14.Nd3 c5 15.dxc5 
Qxa5 16.Qf4 Ba6 17.Qe5 Bxd3 18.exd3 Kh8 19.Be2 b3 20.c4 Ng4 21.Bxe7 Nxe5 
22.Bxf8 Rxf8 23.d4 Qa1+ 24.Kd2 Qxb2+ 25.Ke3 Qc3+ 26.Kf2 Nxc4 27.Bxc4 Qxc4 
28.Rhe1 b2 0-1

[Event "Deltalift Open"]
[Site "Tylosand"]
[Date "2016.05.05"]
[Round "2.22"]
[White "Wahlstrom, Lennarth"]
[Black "Sjodahl, Sten"]
[Result "1-0"]
[WhiteElo "2153"]
[BlackElo "1926"]

1.e4 e5 2.Nf3 Nc6 3.Nc3 Bb4 4.d4 exd4 5.Nxd4 Nf6 6.Nxc6 bxc6 7.Bd3 O-O 8.
O-O Bxc3 9.bxc3 d6 10.Bg5 Bg4 11.Bxf6 Qd7 12.f3 Bh5 13.Bd4 d5 14.exd5 cxd5
15.Re1 Qd6 16.Re5 Bg6 17.Bxg6 hxg6 18.Qe2 c5 19.Bf2 Rad8 20.Re1 a5 21.Qb5 
d4 22.Qxc5 Qxc5 23.Rxc5 d3 24.cxd3 Rxd3 25.Re2 Ra8 26.Bd4 a4 27.Rce5 f6 
28.Re8+ Rxe8 29.Rxe8+ Kf7 30.Re2 a3 31.Kf2 Rd1 32.Bc5 1-0

[Event "Deltalift Open"]
[Site "Tylosand"]
[Date "2016.05.05"]
[Round "2.23"]
[White "Westergren, Bertil"]
[Black "Backman, Andreas"]
[Result "0-1"]
[WhiteElo "1928"]
[BlackElo "2149"]

1.d4 d5 2.c4 e6 3.Nc3 c6 4.cxd5 exd5 5.Qc2 Nf6 6.Bg5 Be7 7.Nf3 O-O 8.e3 
Ne4 9.Bxe7 Qxe7 10.Bd3 Re8 11.O-O Nd7 12.Rab1 a5 13.a3 Ndf6 14.Rbe1 Nxc3 
15.Qxc3 Ne4 16.Qc2 a4 17.Nd2 Nf6 18.Nb1 Qd6 19.f3 Bd7 20.Nc3 c5 21.Nb5 
Bxb5 22.Bxb5 Rec8 23.Rc1 Qe6 24.dxc5 Qxe3+ 25.Qf2 Qxf2+ 26.Rxf2 Ra5 27.Bd3
Raxc5 28.Rxc5 Rxc5 29.Rc2 Nd7 30.Kf2 Kf8 31.Ke3 Ke7 32.Kd4 Kd6 33.h4 h6 
34.Rc3 Rxc3 35.bxc3 Nc5 36.Bb5 g5 37.hxg5 hxg5 38.Be8 f5 39.g3 b6 40.Bg6 
f4 41.gxf4 gxf4 42.Bh7 Ne6+ 43.Kd3 Ng5 44.Bg8 Nxf3 45.Bh7 Kc5 46.Bg8 Ne5+ 
47.Kc2 Nc4 0-1

[Event "Deltalift Open"]
[Site "Tylosand"]
[Date "2016.05.05"]
[Round "2.24"]
[White "Blomstrom, Lars"]
[Black "Wallenas, Joakim"]
[Result "1-0"]
[WhiteElo "2145"]
[BlackElo "1921"]

1.e4 d6 2.d4 g6 3.Nf3 Bg7 4.Bc4 Nf6 5.Qe2 Bg4 6.h3 Bxf3 7.Qxf3 c6 8.Bb3 
O-O 9.O-O d5 10.e5 Nfd7 11.Nc3 e6 12.Ne2 c5 13.c3 Nc6 14.Qg4 h6 15.Be3 Ne7
16.Nf4 Nf5 17.Qe2 cxd4 18.cxd4 Qb6 19.Rad1 Rac8 20.g4 Nxe3 21.fxe3 Nb8 22.
Rf3 Nc6 23.Rdf1 Ne7 24.Ng2 Qc6 25.h4 a5 26.h5 g5 27.Qf2 a4 28.Bd1 Qe8 29.
Bc2 b5 30.Bb1 Qc6 31.Rxf7 Qe8 32.Rxf8+ Qxf8 33.Qe2 1-0

[Event "Harplinge Mini Open"]
[Site "Tylosand"]
[Date "2016.05.05"]
[Round "1.1"]
[White "Nielsen, Tim"]
[Black "Larssen, Bjorn"]
[Result "1-0"]
[WhiteElo "1585"]
[BlackElo "1293"]

1.e4 e5 2.Nf3 Nc6 3.Bc4 Be7 4.O-O Nf6 5.d3 Bc5 6.Bg5 O-O 7.Nc3 d6 8.Nd5 
Bg4 9.c3 h6 10.Nxf6+ gxf6 11.Bxh6 Re8 12.b4 Bb6 13.a4 a5 14.b5 Ne7 15.Qb3 
Kh7 16.Be3 Bxe3 17.fxe3 Kg7 18.Bxf7 Rf8 19.Be6 f5 20.exf5 Nxf5 21.e4 Bxf3 
22.Rxf3 Nh4 23.Rg3+ Kh8 24.Qd1 Qe8 25.Qg4 1-0

[Event "Harplinge Mini Open"]
[Site "Tylosand"]
[Date "2016.05.05"]
[Round "1.3"]
[White "Norrman, Johannes"]
[Black "Ledin, Nils"]
[Result "0-1"]
[WhiteElo "1561"]
[BlackElo "1258"]

1.e4 e5 2.f4 Nc6 3.Nf3 d6 4.Bc4 Bg4 5.h3 Bxf3 6.Qxf3 Nd4 7.Qc3 Nf6 8.d3 
Nh5 9.fxe5 Qh4+ 10.Kd1 Ng3 11.Qxd4 Qh5+ 12.Ke1 Qe2# 0-1

[Event "Harplinge Mini Open"]
[Site "Tylosand"]
[Date "2016.05.05"]
[Round "1.4"]
[White "Falkevall, Axel"]
[Black "Nilsson, Gert"]
[Result "1/2-1/2"]
[WhiteElo "1252"]
[BlackElo "1538"]

1.Nf3 d5 2.g3 Nc6 3.Bg2 Nf6 4.O-O e5 5.d3 Be7 6.e3 Bg4 7.Qe1 O-O 8.Nbd2 e4
9.dxe4 dxe4 10.Ng5 Nb4 11.Ndxe4 Nxe4 12.Bxe4 Nxc2 13.Bxh7+ Kh8 14.Bxc2 
Bxg5 15.Qd2 Qf6 16.Qd3 g6 17.Bd1 Bh3 18.Re1 Rad8 19.Qc3 Qxc3 20.bxc3 Bf6 
21.Bb2 Kh7 22.Bc2 c5 23.Rad1 c4 24.Ba3 Rfe8 25.Bb2 b5 26.a3 a5 27.Rb1 Rd2 
28.Rec1 Red8 29.a4 b4 30.cxb4 Bxb2 31.Rxb2 c3 32.Rbb1 Bg4 33.Kg2 axb4 34.
Rxb4 Be6 35.e4 Re2 36.Rd1 Red2 37.Rxd2 Rxd2 38.Bb1 c2 39.Bxc2 Rxc2 40.a5 
Ra2 41.Rb5 Ra4 42.Kf3 Kh6 1/2-1/2

[Event "Harplinge Mini Open"]
[Site "Tylosand"]
[Date "2016.05.05"]
[Round "1.5"]
[White "Nylander, Lennart"]
[Black "Lindborg, Lukas"]
[Result "1/2-1/2"]
[WhiteElo "1535"]
[BlackElo "1248"]

1.e4 c5 2.c4 e6 3.Nc3 Nc6 4.Nf3 Nf6 5.d3 Be7 6.a3 O-O 7.Be2 a6 8.O-O Qc7 
9.h3 Re8 10.b3 Rb8 11.g3 d6 12.Kg2 b5 13.cxb5 axb5 14.Be3 e5 15.Rh1 Be6 
16.Ng5 h6 17.Nxe6 fxe6 18.f4 exf4 19.Bxf4 e5 20.Be3 Rf8 21.Rf1 Qd7 22.Rf5 
b4 23.axb4 Rxb4 24.Bd2 Rbb8 25.Be3 Kh8 26.Rb1 Kg8 27.Qf1 Qe6 28.Qd1 Na5 
29.Bg4 Qf7 30.Bh5 Qe6 31.Bg4 Qf7 32.Bh5 Qe6 33.Bg4 Nxg4 1/2-1/2

[Event "Harplinge Mini Open"]
[Site "Tylosand"]
[Date "2016.05.05"]
[Round "1.6"]
[White "Jepson, Maja"]
[Black "Petersson, David"]
[Result "1-0"]
[WhiteElo "1243"]
[BlackElo "1526"]

1.e4 e5 2.Nf3 Nc6 3.Nc3 Nf6 4.d4 d6 5.d5 Ne7 6.Bb5+ c6 7.dxc6 bxc6 8.Ba4 
Bb7 9.Bg5 Ng6 10.O-O Be7 11.h3 O-O 12.Nh4 Nxh4 13.Bxh4 h6 14.Qf3 d5 15.
exd5 cxd5 16.Rad1 Rb8 17.Bb3 d4 18.Qg3 Ba6 19.Rfe1 Nd7 20.Bxe7 Qxe7 21.Nd5
Qd6 22.Re4 Qc5 23.Rxe5 Nxe5 24.Qxe5 Qc8 25.Ne7+ Kh8 26.Nxc8 Rbxc8 27.Rxd4 
Rfe8 28.Qd6 Bb7 29.Qd7 Ba6 30.Qxf7 Ra8 31.Rd7 Rg8 32.Qg6 Bb5 33.Bxg8 Rxg8 
34.Rb7 Ba6 35.Rxa7 Bb5 36.a4 Bc4 37.a5 Bb5 38.a6 Bc4 39.b3 Bd5 40.c4 Ba8 
41.Rxa8 Rxa8 42.Qb6 Kh7 43.Qb7 Re8 44.a7 Rd8 45.a8=Q Rxa8 46.Qxa8 g5 47.c5
Kg6 48.c6 Kh5 49.c7 Kh4 50.Qa4+ Kh5 51.c8=Q Kg6 52.Qaa6+ Kf7 53.Qd7+ Kf8 
54.Qac8# 1-0

[Event "Harplinge Mini Open"]
[Site "Tylosand"]
[Date "2016.05.05"]
[Round "2.1"]
[White "Dingertz, Erik"]
[Black "Nielsen, Tim"]
[Result "0-1"]
[WhiteElo "1303"]
[BlackElo "1585"]

1.e4 e6 2.d4 d5 3.exd5 exd5 4.Nf3 Nf6 5.Nc3 Bb4 6.Bd2 O-O 7.Bd3 Re8+ 8.Ne2
Nc6 9.O-O Bg4 10.Bxb4 Nxb4 11.Ng3 Ne4 12.c3 Nxd3 13.Qxd3 Bxf3 14.gxf3 Ng5 
15.Kg2 Qf6 16.Rfe1 c6 17.Qf5 Qxf5 18.Nxf5 Ne6 19.Kg3 g6 20.Ne3 Re7 21.Re2 
Rae8 22.Rae1 Ng7 23.f4 Nh5+ 24.Kf3 Re4 25.Ng2 Nf6 26.Re3 Kg7 27.R1e2 b5 
28.h3 a5 29.Ne1 Rxe3+ 30.Rxe3 Rxe3+ 31.fxe3 Ne4 32.Nd3 f6 33.Nf2 Nxf2 34.
Kxf2 Kh6 35.h4 Kh5 36.Kg3 g5 37.hxg5 fxg5 38.b3 Kg6 39.a3 h5 40.fxg5 Kxg5 
41.c4 bxc4 42.bxc4 dxc4 43.e4 c3 44.e5 c2 45.e6 c1=Q 46.e7 Qe3+ 47.Kg2 
Qxe7 48.Kg3 Qe3+ 49.Kg2 Qxa3 50.Kh2 Kf4 51.Kg2 a4 52.Kh2 Kg4 53.Kg2 Qb2+ 
54.Kf1 Kf3 55.Ke1 Qe2# 0-1

[Event "Harplinge Mini Open"]
[Site "Tylosand"]
[Date "2016.05.05"]
[Round "2.2"]
[White "Bensryd, Hampus"]
[Black "Filipsson, Marcus"]
[Result "1-0"]
[WhiteElo "1480"]
[BlackElo "1350"]

1.e4 e5 2.Nf3 Nc6 3.Bc4 Bc5 4.c3 d6 5.d4 exd4 6.cxd4 Bb4+ 7.Bd2 Bg4 8.Bxb4
Nxb4 9.Nbd2 Nf6 10.O-O Qe7 11.Qa4+ Nc6 12.d5 O-O 13.dxc6 bxc6 14.Rfe1 Bxf3
15.Nxf3 Ng4 16.h3 Ne5 17.Nxe5 Qxe5 18.Qxc6 Qa5 19.Qb5 Qxb5 20.Bxb5 Rab8 
21.a4 Rb6 22.b3 c6 23.Bc4 Rd8 24.Rad1 g6 25.Rd2 Rb7 26.Red1 Rbd7 27.b4 Kg7
28.b5 cxb5 29.Bxb5 Re7 30.Rxd6 Rxd6 31.Rxd6 Rxe4 32.Rd7 a6 33.Bc6 Re1+ 34.
Kh2 Kf6 35.Bd5 h5 36.Rxf7+ Kg5 37.f4+ Kh6 38.Rf6 Rd1 39.Be4 Rd4 40.Rxg6+ 
Kh7 41.Rd6+ 1-0

[Event "Harplinge Mini Open"]
[Site "Tylosand"]
[Date "2016.05.05"]
[Round "2.3"]
[White "Ledin, Nils"]
[Black "Jonsson, Filip"]
[Result "0-1"]
[WhiteElo "1258"]
[BlackElo "1421"]

1.e4 e6 2.Nc3 d5 3.d4 Nf6 4.Bg5 Be7 5.Bd3 dxe4 6.Nxe4 Nxe4 7.Bxe7 Qxe7 8.
Bxe4 c6 9.Nf3 Nd7 10.Qd3 Nf6 11.O-O-O Bd7 12.Rhe1 O-O 13.Re3 Ng4 14.Bxh7+ 
Kh8 15.Re2 g6 16.h3 Nf6 17.Ng5 Nxh7 18.Nxh7 Kxh7 19.Qc4 Qg5+ 20.Rdd2 Qd5 
21.Qa4 c5 22.Qa3 cxd4 23.b3 Rac8 24.f3 Qc5 25.Qb2 Qc3 26.Qb1 d3 27.Rxd3 
Qxd3 28.Rd2 Qf1+ 29.Rd1 Qxg2 30.Rxd7 Qf1+ 31.Rd1 Qxf3 32.h4 Rfd8 33.Re1 
Qf4+ 34.Kb2 Qd4+ 35.Kc1 Qc3 36.Rf1 Kg7 37.h5 Rd2 38.Qb2 Rxc2+ 39.Kd1 Qxb2 
40.h6+ Kxh6 41.Rh1+ Kg7 42.Rh7+ Kxh7 43.b4 Qb1# 0-1

[Event "Harplinge Mini Open"]
[Site "Tylosand"]
[Date "2016.05.05"]
[Round "2.4"]
[White "Sadiku, Lorik"]
[Black "Malmstrom, Asker"]
[Result "1-0"]
[WhiteElo "1463"]
[BlackElo "1303"]

1.d4 d5 2.c4 e6 3.Nc3 Nf6 4.Bf4 Nc6 5.e3 Bd7 6.cxd5 exd5 7.Nf3 Bb4 8.a3 
Bxc3+ 9.bxc3 Ne4 10.c4 Be6 11.Qc2 Nd6 12.c5 Ne4 13.Bd3 Bf5 14.O-O Qe7 15.
Rab1 Rb8 16.Ng5 O-O 17.f3 Nxg5 18.Bxf5 h6 19.Rbd1 Ne6 20.Bg3 Qf6 21.Bxe6 
Qxe6 22.e4 Rbc8 23.Rfe1 Qd7 24.Bf2 Rfe8 25.Qb3 dxe4 26.fxe4 b6 27.cxb6 
cxb6 28.Qb5 Ne5 29.Qb3 Ng6 30.e5 Ne7 31.d5 Ng6 32.e6 fxe6 33.dxe6 Qe7 34.
Rd7 Qf6 35.Bd4 Qf8 36.e7+ 1-0

[Event "Harplinge Mini Open"]
[Site "Tylosand"]
[Date "2016.05.05"]
[Round "2.5"]
[White "Jonsson, Oscar"]
[Black "Torngren, Alexander"]
[Result "1-0"]
[WhiteElo "1454"]
[BlackElo "1284"]

1.d4 d5 2.c4 e6 3.Nc3 Nf6 4.Nf3 Be7 5.e3 O-O 6.Be2 b6 7.O-O Bb7 8.Bd2 c5 
9.Rc1 Qc7 10.Nb5 Qd7 11.Ne5 Qd8 12.Qa4 Qe8 13.a3 a6 14.Nc3 Qxa4 15.Nxa4 
Bd8 16.dxc5 bxc5 17.Nxc5 Bc8 18.cxd5 Nbd7 19.Ncxd7 Bxd7 20.Nxd7 1-0

[Event "Harplinge Mini Open"]
[Site "Tylosand"]
[Date "2016.05.05"]
[Round "2.6"]
[White "Morell, Ludvig"]
[Black "Carlsson, Isak"]
[Result "0-1"]
[WhiteElo "1209"]
[BlackElo "1442"]

1.e4 c5 2.Nf3 Nc6 3.d4 cxd4 4.Nxd4 Nf6 5.Nc3 g6 6.Be3 Bg7 7.f3 O-O 8.Qd2 
Re8 9.g4 d6 10.h4 Ne5 11.Bg2 h5 12.gxh5 Nxh5 13.O-O-O Nc4 14.Qd3 Nxe3 15.
Qxe3 Qb6 16.Kb1 e5 17.Nb3 Qxe3 18.Nd5 Qh6 19.Nc7 Re7 20.Nxa8 Nf4 21.Bf1 
Rd7 22.Bb5 Rd8 23.Nc7 a6 24.Bf1 f5 25.Bc4+ Kf8 26.exf5 Bxf5 27.Nd5 Nxd5 
28.Bxd5 Rc8 29.Rh2 Qf4 30.Rhd2 Rc7 31.Rh1 e4 32.Rf1 Qe5 33.c3 e3+ 34.Ka1 
exd2 0-1

[Event "Deltalift Open"]
[Site "Tylosand"]
[Date "2016.05.05"]
[Round "3.1"]
[White "Tikkanen, Hans"]
[Black "Lindborg, Patrik"]
[Result "0-1"]
[WhiteElo "2525"]
[BlackElo "2158"]

1.e4 c5 2.Nf3 e6 3.d4 cxd4 4.Nxd4 Nc6 5.Nb5 d6 6.c4 a6 7.N5c3 Nf6 8.Be2 
Be7 9.O-O O-O 10.Be3 b6 11.f3 Bb7 12.Na4 Nd7 13.Nbc3 Rc8 14.Qe1 Nce5 15.b3
d5 16.exd5 exd5 17.Nxd5 Bxd5 18.cxd5 b5 19.Nc3 Bb4 20.Bd2 Nf6 21.Ne4 Be7 
22.d6 Bxd6 23.Nxd6 Qxd6 24.Bb4 Qd4+ 25.Kh1 Rfe8 26.Rd1 Qe3 27.Bd2 Qb6 28.
Rc1 Nd3 29.Bxd3 Rxe1 30.Rxc8+ Re8 31.Rfc1 Qe6 32.Rxe8+ Nxe8 33.Re1 Qd7 34.
Bf5 Qd8 35.Ba5 Qb8 36.Bd7 Nf6 37.Rd1 g6 38.Bc6 Qe5 39.Re1 Qc5 40.Bb7 Kg7 
41.Bxa6 Qa7 42.Bc3 Qxa6 43.g4 h6 44.h4 Qc6 45.Re3 Kh7 46.Bxf6 Qc1+ 0-1

[Event "Deltalift Open"]
[Site "Tylosand"]
[Date "2016.05.05"]
[Round "3.2"]
[White "Reid, Gregor"]
[Black "Hector, Jonny"]
[Result "0-1"]
[WhiteElo "2170"]
[BlackElo "2512"]

1.Nf3 d5 2.g3 Nc6 3.Bg2 e5 4.d3 f5 5.O-O Nf6 6.c4 dxc4 7.Qa4 Bd6 8.Qxc4 
Qe7 9.Nc3 a6 10.Bg5 Be6 11.Qh4 O-O 12.e4 h6 13.exf5 hxg5 14.Nxg5 Bxf5 15.
Nd5 Qd7 16.Qc4 Kh8 17.Qh4+ Nh7 18.Bh3 Nd4 19.Kh1 g6 20.Nf6 Rxf6 21.Nxh7 
Qxh7 22.Qxf6+ Qg7 23.Qh4+ Kg8 24.Bg2 c6 25.Qg5 Bxd3 26.Rfd1 Bf5 27.Rac1 
Rf8 28.h4 Qf6 29.f4 Qxg5 30.hxg5 Kf7 31.Rd2 Bb4 32.Rf2 exf4 33.g4 f3 34.
Bxf3 Kg7 35.gxf5 Rxf5 36.Rcf1 Rxg5 37.Bd1 Nf5 38.Rxf5 gxf5 39.Rg1 Kf6 40.
Rxg5 Kxg5 41.Kg2 Kf4 42.Kf2 Bc5+ 43.Ke2 Kg3 44.Kd3 Kf2 45.Bh5 Bd6 46.Bg6 
f4 47.Bh5 b5 48.b3 c5 49.Bd1 c4+ 50.bxc4 bxc4+ 51.Kxc4 Ke3 52.Kd5 Bb4 53.
Bb3 f3 54.Bc4 a5 55.a4 f2 0-1

[Event "Deltalift Open"]
[Site "Tylosand"]
[Date "2016.05.05"]
[Round "3.3"]
[White "Brynell, Stellan"]
[Black "Wahlstrom, Lennarth"]
[Result "1-0"]
[WhiteElo "2445"]
[BlackElo "2153"]

1.d4 d5 2.c4 e6 3.Nf3 c5 4.cxd5 exd5 5.Nc3 Nc6 6.g3 Nf6 7.Bg2 Bg4 8.Bg5 
cxd4 9.Nxd4 Be7 10.O-O O-O 11.Rc1 h6 12.Be3 Qd7 13.Qa4 Rac8 14.Nxc6 bxc6 
15.Qxa7 Qxa7 16.Bxa7 Bb4 17.f3 Be6 18.Bd4 Be7 19.Na4 Ra8 20.b3 Ra6 21.e3 
Nd7 22.Rf2 Ba3 23.Bb2 Bxb2 24.Rxb2 Rc8 25.Nc5 Nxc5 26.Rxc5 Ra3 27.Kf2 Bd7 
28.Bf1 Rca8 29.Rcc2 Bf5 30.Rd2 Kf8 31.g4 Bg6 32.b4 Re8 33.Rb3 Rxb3 34.axb3
Rb8 35.b5 cxb5 36.Rxd5 b4 37.e4 Rb7 38.Ke3 f6 39.Rb5 Rc7 40.Rxb4 Rc3+ 41.
Bd3 Bf7 42.Rb8+ Ke7 43.Rb7+ Kf8 44.Kd4 1-0